Представление документа в формате RUSMARC

ПолеНазваниеЗначение
  Тип записи a
  Библиографический уровень a
001 Контрольный номер RU/CBS_UL/BASE/70465156d1384dbaa8f524c8d3d9ede4
005 Дата корректировки 20260322152322.1
100 Данные общей обработки __
a Данные общей обработки 20260322 ||| 0rusy0189 ca
101 Язык документа 0_
a Язык текста rus
102 Страна публикации __
a Страна публикации RU
200 Заглавие и сведения об ответственности 1_
a Заглавие Почему мы смеёмся?
e Сведения, относящиеся к заглавию [что такое смех и почему человек смеётся]
300 Общие примечания __
a Общие примечания 6+
461 Уровень набора _0
1 2000
a ВОТ! Детский журнал с картинками про все на свете
463 Уровень физической единицы _0
1 2000
a № 3
v С. 20-21 : ил.
1 2101
d 2026
1 001RU/CBS_UL/BASE/39c6c547fd644d9cb7baa1d8c2cc358e
606 Тематические рубрики 0_
a Основная рубрика Смех - Психология
610 Ключевые слова 0_
a Ключевые слова смех, психология смеха, эмоции, способности человека, влияние смеха на организм, зеркальные нейроны, укрепление иммунитета, снижение уровня стресса
686 Индексы других классификаций __
2 Код системы rubbk
a Классификационный индекс 88.252.112
801 Источник записи _0
a Страна RU
b Организация МБУК ЦБС г. Ульяновска
c Дата составления 20260322
g Правила каталогизации RCR
801 Источник записи _1
a Страна RU
b Организация МБУК ЦБС г. Ульяновска
c Дата составления 20260322
g Правила каталогизации RCR
901 Тип документа __
t Тип документа b
w Контрольный № источника RU/CBS_UL/BASE/39c6c547fd644d9cb7baa1d8c2cc358e
909 Создатель записи __
a Создатель записи lib1